Music Quiz

Random Music or Artist Quiz
Score 0/30 Timer 05:00
0 Plays Today
% Correct
Time
91.1%
Good
89%
Ice
87.9%
Enough
87.4%
Back
86.3%
Cowboys
83.9%
Shot
83.9%
Cry
80.2%
Come
79.7%
Always
77.4%
Got
76.5%
Way
75.6%
Tonight
75.5%
Be
74.8%
Sweet
74.7%
% Correct
Hooked
74.6%
Rain
74.6%
Love
74.5%
Met
71.9%
Loving
70.3%
Rich
69.6%
Yours
66%
Worry
64.1%
Elephant
62.5%
Somebody's
56.4%
Blue
56%
Want
51.1%
Rock
50.8%
Angel
44%
Workout
14.7%
Remove Ads.
Support Sporcle.
Get the best of Sporcle when you Go Orange. This ad-free experience offers more features, more stats, and more fun while also helping to support Sporcle. Thank you for becoming a member.

You're not logged in!

Compare scores with friends on all Sporcle quizzes.
OR
Log In

Sporcle TV

Today on Sporcle TV


Watch our educational content, quiz creation guides, and fun videos on Sporcle TV.

Show Comments

Extras

Top Quizzes Today


Score Distribution

Paid Content

Your Account Isn't Verified!

In order to create a playlist on Sporcle, you need to verify the email address you used during registration. Go to your Sporcle Settings to finish the process.

Report this User

Report this user for behavior that violates our Community Guidelines.

Details: